| 000 | 00440nam a2200121Ia 4500 | ||
|---|---|---|---|
| 008 | 160523s9999 xx 000 0 und d | ||
| 100 | _aMurray, Dianne. | ||
| 245 | _aInteracting with Presence. HCI and the Sense of Presence in Computer-mediated Environments | ||
| 245 | _cDianne Murray --- John Waterworth --- Giuseppe Riva (ed.) | ||
| 260 | _c2014 | ||
| 650 | _xPsychology. | ||
| 856 | _uhttp://www.degruyter.com/viewbooktoc/product/449569 | ||
| 999 |
_c294789 _d294789 |
||